| 000 | 00524nam a2200217Ia 4500 | ||
|---|---|---|---|
| 005 | 20250425162643.0 | ||
| 008 | 250425s9999 xx 000 0 und d | ||
| 020 | _a0471190454 | ||
| 041 | _aeng | ||
| 082 | _a519.50212 | ||
| 100 | _aHOLLANDER, MYLES | ||
| 245 | 0 | _aNONPARAMETRIC STATISTICAL METHODS | |
| 250 | _a2 E.D. | ||
| 260 |
_aEstados Unidos _bJOHN WILEY & SONS _c1999 |
||
| 260 | _aNEW YORK | ||
| 300 | _a787 | ||
| 650 | _aESTADISTICAS | ||
| 700 | _aWOLFE, DOUGLAS A. | ||
| 942 | _c01 | ||
| 010 | _a94267 | ||
| 999 |
_c233671 _d233671 |
||